Statistiques concernant Mathématiques par lettre - S

Cliquez ici pour prendre le quiz!

Statistiques générales

  • Ce quiz a été pris 222 fois
  • Le résultat moyen est 8 sur 15

Statistiques - réponses

HintRéponse% Correct
Dans un triangle rectangle, opposé/hypoténuseSinus
98%
Résultat de l'additionSomme
96%
Portion de droite limitée par deux pointsSegment
91%
Opération qui consiste à retrancher un nombre d'un autreSoustraction
78%
Dans une fraction, diviser numérateur et diviseur par le même nombreSimplifier
69%
Ensemble contenant un seul élémentSingleton
60%
Famille de nombres indexés par les entiers naturelsSuite
57%
Surface dont tous les points sont à égale distance d'un point baptisé centreSphère
49%
Caractérisé par un nombre; opposé à "caractérisé par un vecteur"Scalaire
45%
Suite de termes, chacun étant la somme des termes successifs d'une suiteSérie
44%
Recueil de données pour établir des modèles mathématiques et ainsi en tirer des prévisionsStatistiques
41%
Courbe qui décrit des révolutions en s'éloignant de son centreSpirale
39%
Pour des triangles, leurs angles sont égaux et les longueurs de leurs côtés sont proportionnellesSemblables
30%
Inverse du cosinusSécante
24%
Triangle dont les côtés sont de longueurs inégalesScalène
18%

Distribution des résultats

Percentile par nombre de réponses

% des personnes avec chaque résultat

Votre développement - résultats

Vous n’avez pas pris ce quiz